[Event "CHN-chTB"]
[Site "Qinhuangdao"]
[Date "2017.07.12"]
[Round "6.3"]
[White "Bao, Qilin"]
[Black "Zhou, Jiangnan"]
[Result "1-0"]
[WhiteElo "2430"]
[BlackElo "2181"]
[PlyCount "61"]
[EventDate "2017.07.10"]
[EventType "team-tourn"]
[EventRounds "11"]
[EventCountry "CHN"]
[SourceTitle "EXT 2018"]
[Source "ChessBase"]
[SourceDate "2017.10.13"]
[SourceVersion "1"]
[SourceVersionDate "2017.10.13"]
[SourceQuality "1"]
[WhiteTeam "Heilongjiang"]
[BlackTeam "Qingdao High Level Training"]
[WhiteTeamCountry "CHN"]
[BlackTeamCountry "CHN"]

1. d4 d5 2. Nf3 Nf6 3. c4 c6 4. e3 Bf5 5. Nc3 e6 6. Nh4 Bg6 7. Nxg6 hxg6 8. Bd2 Nbd7 9. Qc2 a6 10. h3 b5 11. b3 Bd6 12. Be2 Qe7 13. 0-0 e5 14. c5 Bc7 15. f4 e4 16. b4 Nh5 17. a4 Rc8 18. axb5 axb5 19. Bxb5 cxb5 20. Nxd5 Qd8 21. Qxe4+ Kf8 22. Nxc7 Ng3 23. Qb7 Nxf1 24. Kxf1 Rh6 25. Ra8 Rxa8 26. Nxa8 Qb8 27. Qxd7 Qxa8 28. c6 Qe8 29. Qd6+ Kg8 30. c7 Rh8 31. Qd8 1-0

[Event "CHN Team"]
[Site "Beijing"]
[Date "2017.06.14"]
[Round "9.4"]
[White "Chen, Baining"]
[Black "Zhou, Jiangnan"]
[Result "0-1"]
[WhiteElo "2053"]
[BlackElo "2115"]
[PlyCount "64"]
[EventDate "2017.06.06"]
[EventType "team-swiss"]
[EventRounds "9"]
[EventCountry "CHN"]
[SourceTitle "CBM 178 Extra"]
[Source "ChessBase"]
[SourceDate "2017.06.22"]
[SourceVersion "1"]
[SourceVersionDate "2017.06.22"]
[SourceQuality "1"]
[WhiteTeam "Shenzhen"]
[BlackTeam "Qingdao"]
[WhiteTeamCountry "CHN"]
[BlackTeamCountry "CHN"]

1. e4 d6 2. d4 Nf6 3. Nc3 Nbd7 4. Be3 e5 5. Nf3 Be7 6. h3 0-0 7. g3 c6 8. a4 Qa5 9. Qd2 b5 10. b4 Qxb4 11. Rb1 Qa5 12. axb5 cxb5 13. Rxb5 Qc7 14. d5 a5 15. Bd3 Nc5 16. Rb2 Bd7 17. 0-0 Bxh3 18. Rfb1 Nfd7 19. Bb5 Nb8 20. Bc6 Nxc6 21. Bxc5 Nd8 22. Bb6 Qd7 23. Bxd8 Bxd8 24. Rb7 Qg4 25. Nh2 Qg6 26. Rb8 Rxb8 27. Rxb8 f5 28. exf5 Bxf5 29. Rb2 h5 30. Ne2 h4 31. c4 Bd3 32. Qc3 e4 0-1

[Event "CHN Team"]
[Site "Beijing"]
[Date "2017.06.11"]
[Round "6.4"]
[White "Zhou, Jiangnan"]
[Black "Liu, Chang"]
[Result "1/2-1/2"]
[WhiteElo "2115"]
[BlackElo "2345"]
[PlyCount "69"]
[EventDate "2017.06.06"]
[EventType "team-swiss"]
[EventRounds "9"]
[EventCountry "CHN"]
[SourceTitle "CBM 178 Extra"]
[Source "ChessBase"]
[SourceDate "2017.06.22"]
[SourceVersion "1"]
[SourceVersionDate "2017.06.22"]
[SourceQuality "1"]
[WhiteTeam "Qingdao"]
[BlackTeam "Guangdong"]
[WhiteTeamCountry "CHN"]
[BlackTeamCountry "CHN"]

1. d4 Nf6 2. c4 g6 3. Nc3 Bg7 4. e4 d6 5. h3 0-0 6. Nf3 c5 7. d5 e6 8. Bd3 exd5 9. exd5 Re8+ 10. Be3 Bh6 11. 0-0 Bxe3 12. fxe3 Rf8 13. Qd2 Nbd7 14. e4 Kg7 15. Rae1 Qe7 16. Rf2 Ne5 17. Nxe5 Qxe5 18. Ref1 Ne8 19. Rf4 f6 20. Nd1 Bd7 21. Ne3 Nc7 22. Be2 Rae8 23. Bg4 f5 24. exf5 Qxe3+ 25. Qxe3 Rxe3 26. f6+ Kf7 27. Bxd7 Rd8 28. Ba4 Re2 29. R1f2 Rxf2 30. Kxf2 Ne8 31. g4 g5 32. Re4 Nxf6 33. Re6 h5 34. Bd1 hxg4 35. Bxg4 1/2-1/2

[Event "CHN Team"]
[Site "Beijing"]
[Date "2017.06.07"]
[Round "2.4"]
[White "Zhao, Yuanhe"]
[Black "Zhou, Jiangnan"]
[Result "1-0"]
[WhiteElo "2401"]
[BlackElo "2115"]
[PlyCount "81"]
[EventDate "2017.06.06"]
[EventType "team-swiss"]
[EventRounds "9"]
[EventCountry "CHN"]
[SourceTitle "CBM 178 Extra"]
[Source "ChessBase"]
[SourceDate "2017.06.22"]
[SourceVersion "1"]
[SourceVersionDate "2017.06.22"]
[SourceQuality "1"]
[WhiteTeam "Chengdu"]
[BlackTeam "Qingdao"]
[WhiteTeamCountry "CHN"]
[BlackTeamCountry "CHN"]

1. d4 d5 2. c4 c6 3. cxd5 cxd5 4. Bf4 Nf6 5. e3 e6 6. Nc3 Bd6 7. Bxd6 Qxd6 8. f4 a6 9. Bd3 b5 10. Nf3 Bb7 11. 0-0 0-0 12. Qe2 Nbd7 13. Rfc1 Rac8 14. Ne5 Ne4 15. a4 bxa4 16. Rxa4 Nb6 17. Ra2 f6 18. Nf3 Qb4 19. Bxa6 Bxa6 20. Rxa6 Rc7 21. Ne1 Rfc8 22. Nd3 Nxc3 23. Rxc3 Qb5 24. Nc1 Nc4 25. Ra2 Qb6 26. Nd3 e5 27. Nc5 Re7 28. Qf3 Qd8 29. b3 Na5 30. fxe5 fxe5 31. Rf2 h6 32. Rf1 exd4 33. exd4 Nc6 34. Qg4 Ra8 35. Rcf3 Qd6 36. Rf6 Qc7 37. Ne6 Qd7 38. Rf8+ Rxf8 39. Rxf8+ Kh7 40. Qf5+ g6 41. Qf6 1-0

[Event "Asia Cities-ch 19th"]
[Site "Kalutara "]
[Date "2015.07.23"]
[Round "2"]
[White "Zhou, Jiangnan"]
[Black "Galappaththi, Chinthaka Anuruddh"]
[Result "1-0"]
[WhiteElo "2099"]
[BlackElo "2098"]
[PlyCount "123"]
[EventDate "2015.07.22"]
[EventType "team-tourn"]
[EventRounds "9"]
[EventCountry "SRI"]
[SourceTitle "EXT 2020"]
[Source "ChessBase"]
[SourceDate "2019.10.17"]
[SourceVersion "1"]
[SourceVersionDate "2019.10.17"]
[SourceQuality "1"]
[WhiteTeam "Qingdao"]
[BlackTeam "Colombo"]
[WhiteTeamCountry "CHN"]
[BlackTeamCountry "SRI"]

1. d4 f5 2. c4 g6 3. g3 Bg7 4. Bg2 Nf6 5. Nf3 0-0 6. 0-0 d6 7. d5 Na6 8. Nd4 Nc5 9. b4 e5 10. bxc5 exd4 11. cxd6 Ne4 12. Bb2 cxd6 13. Bxd4 Nc5 14. Nc3 b6 15. a4 Bxd4 16. Qxd4 Nb3 17. Qf4 Nxa1 18. Rxa1 Qf6 19. Rc1 g5 20. Qd2 Ba6 21. Nd1 Rac8 22. Qd3 Rc7 23. h3 f4 24. Bf3 Bc8 25. Kg2 Bf5 26. Qb3 Rg7 27. g4 Bg6 28. a5 bxa5 29. c5 dxc5 30. Rxc5 Kh8 31. Nc3 Qe5 32. Qc4 Rd8 33. Nb5 Bf7 34. Nd4 Re8 35. Rxa5 Bg8 36. Nc6 Qf6 37. Qc5 Rc8 38. Rxa7 Rxa7 39. Qxa7 Qg7 40. Qa6 Rc7 41. Qb6 Rd7 42. Qb8 Qf6 43. Ne5 Rd8 44. Qc7 Re8 45. Nc6 Qg7 46. Qa5 Bf7 47. d6 Be6 48. Ne7 Bd7 49. Qc5 Qf6 50. Qc7 Ba4 51. Nd5 Qg7 52. Nb6 Bb5 53. d7 Bxd7 54. Nxd7 Qe7 55. Qc6 Rd8 56. Qc3+ Qg7 57. Ne5 Rf8 58. Bd5 Qf6 59. Qc7 Re8 60. Nf7+ Kg7 61. Nd6+ Re7 62. Nf5+ 1-0

[Event "CHN Team"]
[Site "Zhongshan"]
[Date "2015.07.12"]
[Round "4"]
[White "Zhou, Jiangnan"]
[Black "Lin, Weiguo"]
[Result "1/2-1/2"]
[WhiteElo "2099"]
[BlackElo "2435"]
[PlyCount "63"]
[EventDate "2015.07.11"]
[EventType "team-swiss"]
[EventRounds "11"]
[EventCountry "CHN"]
[SourceTitle "CBM 167 Extra"]
[Source "ChessBase"]
[SourceDate "2015.09.14"]
[SourceVersion "1"]
[SourceVersionDate "2015.09.14"]
[SourceQuality "1"]
[WhiteTeam "Qingdao Green Wei"]
[BlackTeam "Chengdu College"]
[WhiteTeamCountry "CHN"]
[BlackTeamCountry "CHN"]

1. c4 e6 2. Nc3 d5 3. d4 c5 4. cxd5 exd5 5. Nf3 Nc6 6. e3 Nf6 7. Be2 Be7 8. 0-0 0-0 9. dxc5 Bxc5 10. b3 a6 11. Bb2 Ba7 12. Rc1 Be6 13. Na4 Rc8 14. Nc5 Ne4 15. Nd3 d4 16. exd4 Nxd4 17. Rxc8 Bxc8 18. Nxd4 Bxd4 19. Qa1 Bxb2 20. Qxb2 Re8 21. Rd1 Nc3 22. Qxc3 Rxe2 23. Nb2 Qf8 24. h3 h6 25. Qc7 Re7 26. Qb6 Re6 27. Qd4 Qe8 28. Nc4 Re1+ 29. Rxe1 Qxe1+ 30. Kh2 Qe8 31. Nd6 Qc6 32. Nxc8 1/2-1/2

[Event "World ol U16"]
[Site "Gyor"]
[Date "2014.12.20"]
[Round "9.1"]
[White "Zhou, Jiangnan"]
[Black "Morozov, Nichita"]
[Result "1/2-1/2"]
[WhiteElo "2100"]
[BlackElo "2307"]
[PlyCount "72"]
[EventDate "2014.12.13"]
[EventType "team-swiss"]
[EventRounds "10"]
[EventCountry "HUN"]
[SourceTitle "EXT 2016"]
[Source "ChessBase"]
[SourceDate "2015.10.08"]
[SourceVersion "1"]
[SourceVersionDate "2015.10.08"]
[SourceQuality "1"]
[WhiteTeam "China"]
[BlackTeam "Moldova"]
[WhiteTeamCountry "CHN"]
[BlackTeamCountry "MDA"]

1. d4 Nf6 2. c4 e6 3. Nc3 Bb4 4. f3 Nc6 5. a3 Bxc3+ 6. bxc3 b6 7. e4 Ba6 8. Bg5 h6 9. Bh4 Na5 10. Qa4 g5 11. Bf2 Nh5 12. h4 g4 13. e5 Rg8 14. d5 gxf3 15. Nxf3 Ng3 16. Bxg3 Rxg3 17. Rd1 Qe7 18. Kf2 Rg4 19. Rd4 h5 20. c5 Bxf1 21. d6 cxd6 22. cxd6 Qf8 23. Rxf1 Qg7 24. Rxg4 hxg4 25. Qe4 Nc6 26. Nd4 Qxe5 27. Qxg4 0-0-0 28. Nxc6 dxc6 29. Qd4 Qxd4+ 30. cxd4 Rh8 31. Kg3 f5 32. Rh1 Kd7 33. h5 Kxd6 34. Kf4 c5 35. dxc5+ bxc5 36. h6 Ke7 1/2-1/2

[Event "World ol U16"]
[Site "Gyor"]
[Date "2014.12.18"]
[Round "7.1"]
[White "Zhou, Jiangnan"]
[Black "Valkama, Eero"]
[Result "1/2-1/2"]
[WhiteElo "2100"]
[BlackElo "2108"]
[PlyCount "60"]
[EventDate "2014.12.13"]
[EventType "team-swiss"]
[EventRounds "10"]
[EventCountry "HUN"]
[SourceTitle "EXT 2016"]
[Source "ChessBase"]
[SourceDate "2015.10.08"]
[SourceVersion "1"]
[SourceVersionDate "2015.10.08"]
[SourceQuality "1"]
[WhiteTeam "China"]
[BlackTeam "Finland"]
[WhiteTeamCountry "CHN"]
[BlackTeamCountry "FIN"]

1. c4 Nf6 2. g3 e6 3. Bg2 d5 4. Nf3 c6 5. b3 Bd6 6. Bb2 Nbd7 7. d4 0-0 8. 0-0 b6 9. Nbd2 Bb7 10. cxd5 cxd5 11. Rc1 Rc8 12. Ne5 Ne4 13. Nxe4 dxe4 14. f4 exf3 15. Bxf3 Bxf3 16. Nxf3 Rxc1 17. Qxc1 Qa8 18. Qb1 f5 19. Nd2 Nf6 20. Nc4 Qd5 21. Qd3 Ne4 22. Ne3 Qb7 23. d5 Bc5 24. dxe6 Ng5 25. h4 Nxe6 26. b4 Rd8 27. Qb3 Bxe3+ 28. Qxe3 Qe4 29. Qxe4 fxe4 30. Kf2 Rd2 1/2-1/2

[Event "World ol U16"]
[Site "Gyor"]
[Date "2014.12.16"]
[Round "5.1"]
[White "Boldoo, Erdenepurev"]
[Black "Zhou, Jiangnan"]
[Result "1-0"]
[WhiteElo "2093"]
[BlackElo "2100"]
[PlyCount "67"]
[EventDate "2014.12.13"]
[EventType "team-swiss"]
[EventRounds "10"]
[EventCountry "HUN"]
[SourceTitle "EXT 2016"]
[Source "ChessBase"]
[SourceDate "2015.10.08"]
[SourceVersion "1"]
[SourceVersionDate "2015.10.08"]
[SourceQuality "1"]
[WhiteTeam "Mongolia"]
[BlackTeam "China"]
[WhiteTeamCountry "MGL"]
[BlackTeamCountry "CHN"]

1. d4 Nf6 2. c4 c5 3. d5 b5 4. cxb5 a6 5. e3 axb5 6. Bxb5 g6 7. Nc3 Bg7 8. Bd2 Ba6 9. a4 0-0 10. Nf3 d6 11. 0-0 Bxb5 12. axb5 Nbd7 13. Qb3 Nb6 14. e4 Nfd7 15. Be3 h6 16. Ra6 f5 17. exf5 gxf5 18. g3 Rb8 19. Nh4 Ne5 20. Ra7 Nc8 21. Ra6 Qe8 22. b6 Rb7 23. Ne2 c4 24. Qc2 Qb5 25. Rfa1 Qxd5 26. Nf4 Qf7 27. Ra7 Rxb6 28. Bxb6 Nxb6 29. Rd1 Nc6 30. Rxd6 Nxa7 31. Rxb6 Bd4 32. Rg6+ Kh7 33. Ne6 Bh8 34. Nxf5 1-0

[Event "CHN-chT"]
[Site "China"]
[Date "2014.12.08"]
[Round "21.5"]
[White "Zhou, Jiangnan"]
[Black "Yang, Kaiqi"]
[Result "0-1"]
[WhiteElo "1938"]
[BlackElo "2331"]
[PlyCount "54"]
[EventDate "2014.04.12"]
[EventType "team-tourn"]
[EventRounds "22"]
[EventCountry "CHN"]
[SourceTitle "EXT 2016"]
[Source "ChessBase"]
[SourceDate "2015.10.08"]
[SourceVersion "1"]
[SourceVersionDate "2015.10.08"]
[SourceQuality "1"]
[WhiteTeam "Qingdao Qingwei"]
[BlackTeam "Hebei"]
[WhiteTeamCountry "CHN"]
[BlackTeamCountry "CHN"]

1. d4 Nf6 2. c4 e6 3. Nc3 Bb4 4. f3 d5 5. a3 Be7 6. e4 c5 7. e5 Nfd7 8. cxd5 exd5 9. f4 cxd4 10. Qxd4 Nb6 11. Bd3 f6 12. Nf3 Nc6 13. Qf2 fxe5 14. Nxe5 0-0 15. Nxc6 bxc6 16. 0-0 c5 17. Qf3 c4 18. Bc2 d4 19. Na4 d3 20. Nxb6 Qxb6+ 21. Be3 Bb7 22. Bxb6 Bxf3 23. Rxf3 dxc2 24. Ba5 Rab8 25. Bc3 Rfd8 26. Rff1 Bc5+ 27. Kh1 Bd4 0-1

[Event "CHN-chT"]
[Site "China"]
[Date "2014.09.12"]
[Round "14.5"]
[White "Li, Di"]
[Black "Zhou, Jiangnan"]
[Result "1/2-1/2"]
[WhiteElo "2172"]
[BlackElo "1938"]
[PlyCount "92"]
[EventDate "2014.04.12"]
[EventType "team-tourn"]
[EventRounds "22"]
[EventCountry "CHN"]
[SourceTitle "EXT 2015"]
[Source "ChessBase"]
[SourceDate "2014.11.20"]
[SourceVersion "1"]
[SourceVersionDate "2014.11.20"]
[SourceQuality "1"]
[WhiteTeam "Chengdu"]
[BlackTeam "Qingdao Qingwei"]
[WhiteTeamCountry "CHN"]
[BlackTeamCountry "CHN"]

1. d4 d6 2. e4 Nf6 3. Bd3 e5 4. c3 Be7 5. Nf3 Nbd7 6. 0-0 0-0 7. Re1 c6 8. h3 Qc7 9. a4 b6 10. Nbd2 Bb7 11. Nc4 Rfe8 12. dxe5 dxe5 13. Qc2 Bf8 14. Bf1 a6 15. Ne3 c5 16. Bc4 b5 17. axb5 axb5 18. Rxa8 Rxa8 19. Bxb5 Bxe4 20. Qe2 Qb7 21. Ng4 Ra1 22. Bc4 Bxf3 23. Nxf6+ Nxf6 24. Qxf3 Qxf3 25. gxf3 g6 26. Kf1 Nh5 27. Bd2 Rxe1+ 28. Kxe1 Nf4 29. Bxf4 exf4 30. Ke2 Be7 31. Kd3 Bh4 32. Ke4 Bxf2 33. Kxf4 Kf8 34. Ke5 Ke7 35. Bd3 h5 36. Bc4 Be3 37. b4 cxb4 38. cxb4 Bf2 39. b5 Be3 40. Kd5 Bf2 41. Kc6 f5 42. b6 g5 43. Be2 Bg3 44. Kd5 Kd7 45. Bd3 Kc8 46. Kc6 h4 1/2-1/2

[Event "CHN-chT"]
[Site "China"]
[Date "2014.07.24"]
[Round "8.4"]
[White "Zhao, Jun"]
[Black "Zhou, Jiangnan"]
[Result "1-0"]
[WhiteElo "2610"]
[BlackElo "1938"]
[PlyCount "55"]
[EventDate "2014.04.12"]
[EventType "team-tourn"]
[EventRounds "22"]
[EventCountry "CHN"]
[SourceTitle "EXT 2015"]
[Source "ChessBase"]
[SourceDate "2014.11.20"]
[SourceVersion "1"]
[SourceVersionDate "2014.11.20"]
[SourceQuality "1"]
[WhiteTeam "Shandong"]
[BlackTeam "Qingdao Qingwei"]
[WhiteTeamCountry "CHN"]
[BlackTeamCountry "CHN"]

1. e4 c6 2. d4 d5 3. exd5 cxd5 4. Bd3 Nf6 5. c3 e6 6. Nf3 Bd6 7. 0-0 Qc7 8. Qe2 Nbd7 9. Re1 b6 10. Ne5 Bb7 11. Bf4 Bxe5 12. dxe5 Ne4 13. Na3 g5 14. Nb5 Qb8 15. Bxe4 gxf4 16. Bd3 Nc5 17. Nd6+ Ke7 18. Qh5 Qf8 19. Bf1 Rb8 20. Qh4+ f6 21. Qxf4 Nd7 22. exf6+ Qxf6 23. Nf5+ Kd8 24. Nd4 Qxf4 25. Nxe6+ Ke7 26. Nxf4+ Kf7 27. Rad1 Nf6 28. c4 1-0

[Event "CHN-chT"]
[Site "China"]
[Date "2014.04.13"]
[Round "2.1"]
[White "Xiu, Deshun"]
[Black "Zhou, Jiangnan"]
[Result "0-1"]
[WhiteElo "2564"]
[BlackElo "1938"]
[PlyCount "146"]
[EventDate "2014.04.12"]
[EventType "team-tourn"]
[EventRounds "22"]
[EventCountry "CHN"]
[SourceTitle "CBM 159 Extra"]
[Source "ChessBase"]
[SourceDate "2014.04.24"]
[SourceVersion "1"]
[SourceVersionDate "2014.04.24"]
[SourceQuality "1"]
[WhiteTeam "Beijing"]
[BlackTeam "Qingdao Qingwei"]
[WhiteTeamCountry "CHN"]
[BlackTeamCountry "CHN"]

1. Nf3 Nf6 2. c4 g6 3. Nc3 Bg7 4. e4 d6 5. d4 0-0 6. Be2 c5 7. 0-0 cxd4 8. Nxd4 Bd7 9. Be3 Nc6 10. Nc2 Qa5 11. f3 Rfc8 12. Qd2 Ne5 13. b4 Qc7 14. Na3 a5 15. b5 Be6 16. b6 Qd7 17. Nd5 Bxd5 18. cxd5 Qa4 19. Nb5 Nc4 20. Bxc4 Rxc4 21. Nc7 Rc8 22. Rac1 Rxc1 23. Rxc1 Nd7 24. Qc2 Qa3 25. Qb3 Qb2 26. Rc2 Qa1+ 27. Rc1 Qb2 28. Qxb2 Bxb2 29. Rb1 Ba3 30. Rb5 Bc5 31. Bxc5 dxc5 32. Kf2 c4 33. Ke2 Nxb6 34. Rxb6 Rxc7 35. Kd2 c3+ 36. Kc2 a4 37. Rb4 f5 38. Rxa4 fxe4 39. fxe4 Kf7 40. Rb4 Kf6 41. Rb3 Rc4 42. Rb6+ Ke5 43. Re6+ Kd4 44. Rxe7 Ra4 45. Kb3 Rc4 46. Kc2 Ra4 47. d6 Rxa2+ 48. Kb1 c2+ 49. Kc1 Kd3 50. Rc7 Ra1+ 51. Kb2 Rb1+ 52. Ka2 Kxe4 53. Rxc2 Rd1 54. Rc7 Rxd6 55. Rxh7 Rd2+ 56. Kb1 Rxg2 57. h4 Rh2 58. Rxb7 Kf5 59. Rh7 g5 60. Kc1 Rxh4 61. Rf7+ Kg6 62. Rd7 Re4 63. Kd2 g4 64. Kd3 Re6 65. Rd5 g3 66. Ra5 Kf6 67. Kd2 Re4 68. Ra3 Rg4 69. Ra1 g2 70. Rg1 Kg5 71. Ke3 Kh4 72. Kf2 Kh3 73. Ra1 Kh2 0-1